000 07634namaa22004451i 4500
003 EG-GICUC
005 20260503124935.0
008 260416s2025 ua a|||frm||| 000 0 eng d
040 _aEG-GICUC
_beng
_cEG-GICUC
_dEG-GICUC
_erda
041 0 _aeng
_beng
_bara
049 _aDeposit
082 0 4 _a615.82
092 _a615.82
_221
097 _aPh.D
099 _aCai01.21.10.Ph.D.2025.Na.E
100 0 _aNada Esmat Fawzy Gergis,
_epreparation.
245 1 0 _aEffect of vibrotherapy on venous insufficiency in elderly /
_cby Nada Esmat Fawzy Gergis ; Supervisors Prof. Dr. Nagwa Mohamed Hamed Badr, Prof. Dr. Heba Ali Abdelghafar, Prof. Dr. Ahmed Samir Hosny.
246 1 5 _aتأثير الإهتزازات العلاجية علي نقص كفاءة عمل الأوردة لدي كبار السن
264 0 _c2025.
300 _a109 pages :
_billustrations ;
_c25 cm. +
_eCD.
336 _atext
_2rda content
337 _aUnmediated
_2rdamedia
338 _avolume
_2rdacarrier
502 _aThesis (Ph.D)-Cairo University, 2025.
504 _aBibliography: pages 94-104.
520 3 _aBackground:Venous insufficiency may develop into chronic leg ulcer and deep vein thrombosis. Chronic venous diseases in the lower extremities have a substantial effect on functioning and quality of life. Comprehensive chronic venous insufficiency management supposed to base on its nature and severity in a gradual maneuver. Purpose: To detect the effect of vibrotherapy on venous insufficiency in elderly. Design: A prospective, pre-post-test randomized controlled trial. Setting: Outpatient-setting and inpatients .Subjects: Sixty patients with chronic venous insufficiency were allocated randomly into two groups. Study group (A) 30 patients their mean age was 73.63 years old received vibrotherapy with pressure, plus routine physical therapy protocol; Group (B)30 patients their mean age was 75.53 years old received traditional physical therapy protocol.Intervention:40- minutes per session, three sessions per week for 12 weeks, plus routine physical therapy protocol for Study group (A); and while Control group (B) received routine physical therapy protocol. Outcome measures: Weight, body mass index, waist circumference, , laboratory lipid profile (high-density lipoprotein-cholesterol, low-density lipoprotein-cholesterol, and triglyceride), duplex ultrasonography, and quality of life questionnaire were measured pretreatment, and post treatment. Results: No significant differences between pretreatment between both groups (p >0.05). There was a significant decrease in body mass index, waist circumference, waist/ hip ratio, laboratory lipid profile (high-density lipoprotein-cholesterol, low-density lipoprotein-cholesterol, and triglyceride), and improved quality of life in both groups at post treatment compared with that pretreatment (0.8% 23.2%, 13.5%, 21.6%, 54.4%, 36.4% and 31.8% for study group, and 0.3%, 6.7%, 3.8%, 19.9%, 49.6%, 26.8%, and 26.3% for control group respectively) in favor to group (A),(p <0.001).Conclusion: Adding of vibrotherapy with pressure to traditional physical therapy training program revealed a significant improvement on venous insufficiency in elderly.
520 3 _aالخلفية العلمية: يتدهور القصور الوريدي لدي مرضي نقص كفاءة عمل الأوردة وقد يتسبب بتقرحات مزمنة بالأوردة العميقة. بلاشك تؤثرنقص كفاءة عمل الأوردة لدي كبار السن سلباً علي الأداء الوظيفي وجودة الحياة لجي كبار السن. كما يفترض الأخذ بالتشخيص الإكلينيكي وتوصيف المرحلة المرضية لحالات نقص كفاءة عمل الأوردة لدي كبار السن. هذا ويُعد الإهتزازات العلاجية نمطاً علاجيا ذا فعالية علاجية مع الإعداد بمعايير العلاج ذات الصلة من التردد ومعدل التسارع.الغرض:تم إجراء الدراسة لتقييم تأثير الإهتزازات العلاجية علي نقص كفاءة عمل الأوردة لدي كبار السن.تصميم الدراسة:تجرية عشوائية مُحكمة مستقبلية وفقاً لإختبارات قبل ويعد الدراسة.مكان الدراسة:العيادات الخارجية.إجراءات الدراسة: أجريت الدراسة علي ستينمشاركاً يعانون من نقص مزمنبكفاءة عمل الأوردة ؛تتراوح أعمارهم من ٦٥-٨٥ عاماً من كلا الجنسين، وتم تقسيمهم عشوائيا لمجموعتين متساويتين:مجموعة الدراسة (أ):٣٠ مشاركا (متوسط أعمارهم ٧٣.٦٣ عاماً)خضعوا للعلاجبتقنية الإهتزازات العلاجية مع الضغط بالإضافة لبروتوكول العلاج الطبيعي الروتيني بمعدل ثلاثة جلسات إسبوعياً علي مدي ١٢ أسبوعاً متتالية، بينما المجموعة الضابطة (ب): ٣٠ مشاركا (متوسط أعمارهم ٧٥.٥٣ عاماً) خضعوا للعلاجوفقا لبروتوكول العلاج الطبيعي الروتيني بمعدل ثلاثة جلسات إسبوعياً علي مدي ١٢ أسبوعاً متتالية. وتمتقييم الوزن ومؤشر كتلة الجسم؛ ومحيط الخصرونسبة محيط الخصر لمحيط الورك، وكذلك ملف الدهون الإيضيمؤشر جودة الحياة المختصرلجميع المشاركين في كل المجموعتين وتبعه تحليل إحصائي تفصيلي. النتيجة:لم يتبين وجود فروقاً ذات دلالة إحصائية قبل البدء بالدراسة (P>٠.٠٥). كما أتضح وجود تسحن ذا دلالة إحصائية بالوزن ومؤشر كتلة الجسم، الخصرونسبة محيط الخصر لمحيط الورك، وكذلك ملف الدهون الإيضيومؤشر جودة الحياة المختصربكلا مجموعتي الدراسة (٠.٨، ٢٣.٢، ١٣.٥، ٣٦.٤،٢١.٦و٣١.٨ لمجموعة الدراسة بينما كانت ٠.٣، ٦.٧، ٣.٨، ٤٩.٦،١٩.٩و٢٦.٣ للمجموعة الضابطة)بعد تنفيذ العلاج؛ مع تحسن أكبر بمجموعة الدراسة.(0.001).الخلاصة:يعد إضافة الإهتزازات العلاجية لبرنامجالعلاج الطبيعي التقليدي سبيلاً فعالاًلتحسن نوعي لدي من يعانون من نقص كفاءة عمل الأوردة لدي كبار السن.
530 _aIssues also as CD.
546 _aText in English and abstract in Arabic & English.
650 0 _aPhysical Therapy
650 0 _aالعلاج الطبيعي
653 1 _aElderly
_aLipid profile,
_aquality of life
_aVibrotherapy
_aVenous Insufficiency
_aWaist Circumference
_aكبار السن
_aالملف الدهون الأيضي
700 0 _aNagwa Mohamed Hamed Badr
_ethesis advisor.
700 0 _aHeba Ali Abdelghafar
_ethesis advisor.
700 0 _aAhmed Samir Hosny
_ethesis advisor.
900 _b01-01-2025
_cNagwa Mohamed Hamed Badr
_cHeba Ali Abdelghafar
_cAhmed Samir Hosny
_UCairo University
_FFaculty of Physical Therapy
_DDepartment of Physical Therapy for Cardiovascular, Respiratory Disorder and Geriatrics
905 _aShimaa
_eEman Ghareb
942 _2ddc
_cTH
_e21
_n0
999 _c179542